000 00631nam a22002057a 4500
999 _c11147
_d11147
003 AR-CdUCM
008 190403b ||||| |||| 00| 0 spa d
040 _aMUNICIPALIDAD PROVINCIAL DEL CUSCO
_cBIBLIOTECA MUNICIPAL DEL CUSCO
041 _hch
082 _aEP / 895.1 /
_bY57
100 _aYing, Mei
_928344
245 _aUn sueño curioso /
260 _aChina,
_bEdiciones en lenguas extranjeras,
_c1982.
300 _a34 paginas ;
_bilustraciones, graficos, dibujos,
_c18 cm.
650 _aCuaderno de dibujos
_928345
650 _aTexto educativo
_925832
650 _aNiños
_99390
942 _2ddc
_cLIBROS
945 _apjha